00947cam a22002894a 45000010009000000050017000090080041000260100017000670150019000840160018001030200018001210200015001390350024001540350021001780400018001990410008002170800016002250820020002411000006002611010008002672450153002755040056004289060045004849420012005299990017005419520099005581488427320171215052017.0070608s2007 maua b 000 0 eng  a 2007024038 aGBA7477372bnb7 a0137731082Uk a9781584200499 a1584200499 a(OCoLC)ocn144570877 a(OCoLC)144570877 aDLCcDLCdDLC aeng a135.45 LAM00a135.45 LAM2221 a9 aMJE10aGreen hermeticism :cPeter Lamborn Wilson, Christopher Bamford, Kevin Townley ; introduction by Pir Zia Inayat-Khan ; edited by Christopher Bamford. aIncludes bibliographical references (p. [203]-206). a7bcbccorignewd1eecipf20gy-gencatlg 2ddccBK c38999d38999 00102ddc4070a002b002d2017-12-15l0o135.45 LAMp002-2939112r2017-12-15w2017-12-15yBK